000 00740nam a2200265Ia 4500
005 20260302115948.0
008 008 260114s9999 xx 000 0 eng d
020 _a9781509928385
037 _aTextbook
040 _aCRL
040 _beng
040 _cCRL
041 _2eng
041 _aeng
084 _qCRL
100 _aEsther van Schagen and Stephen Weatherill
_91123198
245 0 _aBetter Regulation in EU Contract Law The Fitness Check and the New Deal for Consumers
260 _bBloomsbury
260 _bHart Publishing
260 _c2019
650 _aLaw
856 _uhttps://dx.doi.org/10.5040/9781509928385?locatt=label:secondary_bloomsburyCollections
942 _cEBOOK
999 _c1688072
_d1688072